Gobierno y administración de la región metropolitana con énfasis en el área metropolitana de Santiago

保存先:
書誌詳細
共著者: Comision Nacional de la Reforma Administrativa (著者), CONARA (著者)
フォーマット: 図書
言語:スペイン語
出版事項: Santiago CONARA 1980
主題:
タグ: タグ追加
タグなし, このレコードへの初めてのタグを付けませんか!

MARC

LEADER 00000nam a2200000 a 4500
001 UCV2692
003 CL-VaPUC
008 921022e19800000CL |||||||||||||||||spa|d
082 0 4 |a 352  |b COM  |2 21 
110 2 |a Comision Nacional de la Reforma Administrativa  |e author  |9 296964 
710 2 |a CONARA  |e author  |9 296965 
245 1 0 |a Gobierno y administración de la región metropolitana con énfasis en el área metropolitana de Santiago 
246 1 0 |a Informe final 
300 |a 270 p 
942 |c BK 
945 |d 19921022 00:00:00 
260 |a Santiago  |b CONARA  |c 1980 
500 |a Organizado por CONARA con la colaboración del Proyecto CHI-77-001 CONARA-ONU 
650 0 |a Administración pública   |9 255343 
650 0 |a Planificación urbana   |9 258176 
651 7 |a REGION METROPOLITANA DE SANTIAGO, CHILE  |2 CL-VaPUC  |9 258177 
583 |a last modification  |c 19921022 00:00:00  |k Rodrigo Vera 
999 |c 210196  |d 210194 
952 |0 0  |1 0  |4 0  |6 352_000000000000000_COM_1980  |7 0  |8 A  |9 186270  |a BIBDER  |b BIBDER  |d 2019-11-14  |i 2537370  |o 352 COM 1980  |p 2537370  |r 2023-01-25  |w 2019-11-14  |y BK  |k DER